LEADER 00964nas 2200373 c 450 001 996200334303316 005 20171201164957.0 035 $a(CKB)1000000000262188 035 $a(DE-599)ZDB2147156-3 035 $a(DE-101)026031957 035 $a(EXLCZ)991000000000262188 100 $a20040601a20009999 |y | 101 0 $ager 135 $aur||||||||||| 181 $ctxt$2rdacontent 182 $cc$2rdamedia 183 $acr$2rdacarrier 200 00$aMarketing & Kommunikation$eM&K 210 31$aBerneck$cmarketingmall.ch$d2000- 215 $aOnline-Ressource 300 $aGesehen am 19. Januar 2017 311 $a0255-7673 517 3 $aMarketing und Kommunikation 517 3 $aMK 608 $aZeitschrift$2gnd-content 676 $a650 676 $a380 801 0$b0466 801 1$bDE-101 801 2$b9999 906 $aJOURNAL 912 $a996200334303316 996 $aMarketing & Kommunikation$93091249 997 $aUNISA LEADER 04613nam 22006975 450 001 9910298649403321 005 20200706161446.0 010 $a3-319-04732-9 024 7 $a10.1007/978-3-319-04732-4 035 $a(CKB)3710000000094993 035 $a(EBL)1698345 035 $a(OCoLC)881161915 035 $a(SSID)ssj0001186479 035 $a(PQKBManifestationID)11702415 035 $a(PQKBTitleCode)TC0001186479 035 $a(PQKBWorkID)11218354 035 $a(PQKB)11538198 035 $a(MiAaPQ)EBC1698345 035 $a(DE-He213)978-3-319-04732-4 035 $a(PPN)177822120 035 $a(EXLCZ)993710000000094993 100 $a20140324d2014 u| 0 101 0 $aeng 135 $aur|n|---||||| 181 $ctxt 182 $cc 183 $acr 200 10$aPlant-Plant Allelopathic Interactions II $eLaboratory Bioassays for Water-Soluble Compounds with an Emphasis on Phenolic Acids /$fby Udo Blum 205 $a1st ed. 2014. 210 1$aCham :$cSpringer International Publishing :$cImprint: Springer,$d2014. 215 $a1 online resource (337 p.) 300 $aDescription based upon print version of record. 311 $a3-319-04731-0 320 $aIncludes bibliographical references at the end of each chapters and indexes. 327 $a1 Background for Designing Laboratory Bioassays -- 2 Introduction to the Fundamentals of Laboratory Bioassays -- 3 Some Issues and Challenges When Designing Laboratory Bioassays -- 4 Hypothetical Standard Screening Bioassays -- 5 Effects, Modifiers and Modes of Action of Allelopathic Compounds Using Phenolic Acids as Model Compounds -- 6 Hypothetical Cause and Effect Bioassays -- 7 Laboratory Model Systems and Field Systems: Some Final Thoughts -- Author Index -- Subject Index. 330 $aIn the first volume the author suggested that we could improve our understanding of plant-plant allelopathic interactions in the field by making laboratory bioassays more holistic.  Reflections after the volume was published lead the author to conclude that a more detailed analysis of the factors making up laboratory bioassays was needed in the hope that such an analysis would provide clearer and more useful directions on how to design more holistic or more relevant laboratory bioassay systems.  The more holistic being a theoretical goal and the more relevant being a more pragmatic goal.  This volume has been written specifically for researchers and their graduate students who are interested in studying plant-plant allelopathic interactions.  The author hopes that this retrospective and at times critical analysis of laboratory bioassays will provide a foundation for better and more field-relevant laboratory designs in the future.  This volume has 7 chapters describing: 1. background for designing plant-plant allelopathic laboratory bioassays, 2. the fundamentals of laboratory bioassays, 3. the issues and challenges associated with designing more relevant laboratory bioassays, 4. a set of hypothetical standard screening laboratory bioassays, 5. the known effects of putative allelopathic compounds such as phenolic acids, the physicochemical and biotic factors that modify their effects, and their modes of action, 6. a set of standard hypothetical cause and effect laboratory bioassays, and 7. the differences between field systems and laboratory bioassay systems, ways to minimize the impacts of atypical factors in laboratory bioassays, and future directions. 606 $aBiotechnology 606 $aBotanical chemistry 606 $aPlant ecology 606 $aEnvironmental toxicology 606 $aBiotechnology$3https://scigraph.springernature.com/ontologies/product-market-codes/C12002 606 $aPlant Biochemistry$3https://scigraph.springernature.com/ontologies/product-market-codes/L14021 606 $aPlant Ecology$3https://scigraph.springernature.com/ontologies/product-market-codes/L19112 606 $aEcotoxicology$3https://scigraph.springernature.com/ontologies/product-market-codes/U25001 615 0$aBiotechnology. 615 0$aBotanical chemistry. 615 0$aPlant ecology. 615 0$aEnvironmental toxicology. 615 14$aBiotechnology. 615 24$aPlant Biochemistry. 615 24$aPlant Ecology. 615 24$aEcotoxicology. 676 $a54 676 $a571.95 676 $a572572 676 $a581.7 700 $aBlum$b Udo$4aut$4http://id.loc.gov/vocabulary/relators/aut$0892733 906 $aBOOK 912 $a9910298649403321 996 $aPlant-Plant Allelopathic Interactions II$92544235 997 $aUNINA